Základy fyziky učeb. text pre vietnamských občanov študujúcich na učňovských školách

Bibliographic Details
Main Author: Roubík, Vladimír (Author)
Format: Book
Language:Slovak
PhysicalDescription:109, [2] s. fotogr., ilustr., sch., tab. 4°
Published: Bratislava Slovenské pedagogické nakladateľstvo 1975
Edition:2. vyd.
Subjects:

MARC

LEADER 00000cam a2200000 a 4500
001 vtls008355485
003 SK-MaSNL
005 20260302085125.0
008 240315s1975 xo 000 0 slo
015 |a SNBA1975/11-02682 
035 |a SK01SNK19750047702 
035 |a SKM000050165 
040 |a SNK  |b slo  |c SNK  |e AACR2 
041 0 |a slo 
044 |a xo  |c SK 
080 |a 53(075.3)  |2 1981 
100 1 |a Roubík, Vladimír  |4 aut  |9 278353 
245 1 0 |a Základy fyziky  |b učeb. text pre vietnamských občanov študujúcich na učňovských školách  |c Vladimír Roubík 
250 |a 2. vyd. 
260 |a Bratislava  |b Slovenské pedagogické nakladateľstvo  |c 1975  |e Nitra  |f Nitrianske tlačiarne 
300 |a 109, [2] s.  |b fotogr., ilustr., sch., tab.  |c 4° 
366 |e 900 výt. 
500 |a Slov.-vietnamský slovník 
504 |a Bibliogr. 
650 0 7 |a fyzika  |2 SNKPH  |9 816 
655 7 |a učebnice učňovských škôl  |2 SNKPH  |9 166734 
852 |a Slovenská národná knižnica v Martine  |b 10000  |h SB 22856 
852 |a Slovenská národná knižnica v Martine  |b 10000  |h SB 22856 D1 
958 |a OND 
958 |a TL 
958 |a UC 
958 |a NB 
958 |a RK 
999 |c 1190807  |d 1192737 
952 |a SNK  |b SNK  |y PREZ  |7 0  |p 17A0924646  |o snkSB 22856  |i snkKSP 7745/75  |0 0  |1 0  |4 0  |d 2014-05-26  |f 1  |l 0  |r 2025-03-27 00:00:00  |w 2026-02-24